[Event "FIDE World Uni Rapid-F 1st"]
[Site "Tornelo INT"]
[Date "2021.03.20"]
[Round "6"]
[White "Rangel, Hernandez Carlos Al"]
[Black "Saurabh, Anand"]
[Result "1-0"]
[WhiteElo "1852"]
[BlackElo "2304"]
[PlyCount "95"]
[EventDate "2021.03.20"]
[EventType "swiss (rapid)"]
[EventRounds "12"]
[EventCountry "NET"]
[SourceTitle "EXT 2022"]
[Source "ChessBase"]
[SourceDate "2021.10.06"]
[SourceVersion "1"]
[SourceVersionDate "2021.10.06"]
[SourceQuality "1"]

1. e4 e5 2. Nf3 Nc6 3. Bc4 Nf6 4. d3 Be7 5. c3 0-0 6. Bb3 d5 7. Qe2 Re8 8. 0-0 Bg4 9. Nbd2 a5 10. h3 Bh5 11. g4 Bg6 12. Nh4 a4 13. Bc2 Bc5 14. Nf5 d4 15. Nf3 a3 16. cxd4 exd4 17. N3h4 Nb4 18. Bb3 Nfd5 19. bxa3 Nc3 20. Qf3 Nc6 21. Bf4 Na5 22. Kh2 Nxb3 23. axb3 Bxa3 24. Ng2 Qd7 25. h4 Bxf5 26. gxf5 Bd6 27. Rxa8 Rxa8 28. Rg1 Ra2 29. e5 Bf8 30. f6 g6 31. h5 Qd5 32. Qxd5 Nxd5 33. Bg3 Rb2 34. hxg6 hxg6 35. Nf4 Nxf4 36. Bxf4 Rxf2+ 37. Kg3 Rb2 38. Rc1 c5 39. Kg4 Rxb3 40. Kg5 Rxd3 41. e6 Bh6+ 42. Kxh6 Rh3+ 43. Kg5 Rh5+ 44. Kg4 fxe6 45. Bg5 d3 46. Rxc5 d2 47. Rc8+ Kf7 48. Rd8 1-0